| 000 | 00000nam 2200000zi 4500 |
| 001 | 9.921889 |
| 003 | CaOODSP |
| 005 | 20230424112758 |
| 006 | m o d f |
| 007 | cr bn |||||||| |
| 008 | 230424s2023 onc ol f000 0 eng d |
| 040 | |aCaOODSP|beng|erda|cCaOODSP |
| 041 | |aeng|afre |
| 043 | |an-cn--- |
| 086 | 1 |aYB441-210/3-PDF |
| 110 | 1 |aCanada. |bParliament. |bSenate, |eissuing body. |
| 245 | 13|aAn Act to restrict young persons' online access to sexually explicit material = |bLoi limitant l'accès en ligne des jeunes au matériel sexuellement explicite. |
| 246 | 31|aLoi limitant l'accès en ligne des jeunes au matériel sexuellement explicite |
| 246 | 13|iShort title : |aProtecting Young Persons from Exposure to Pornography Act |
| 264 | 1|a[Ottawa] : |bSenate of Canada = Sénat du Canada, |c2023. |
| 300 | |a1 online resource (ii, 6 pages). |
| 336 | |atext|btxt|2rdacontent |
| 337 | |acomputer|bc|2rdamedia |
| 338 | |aonline resource|bcr|2rdacarrier |
| 490 | 1 |aBill S-... ; |vBill S-210, 1st session, 44th Parliament |
| 500 | |aCover title. |
| 500 | |a"As passed by the Senate April 18, 2023." |
| 520 | |a"This enactment makes it an offence for organizations to make sexually explicit material available to young persons on the Internet. It also enables a designated enforcement authority to take steps to prevent sexually explicit material from being made available to young persons on the Internet in Canada"--Summary, page ii. |
| 546 | |aText in English and French. |
| 650 | 0|aInternet pornography|xLaw and legislation|zCanada. |
| 650 | 0|aInternet and youth|xAccess control|xLaw and legislation|zCanada. |
| 655 | 7|aLegislative bills|2lcgft |
| 792 | |tAn Act to restrict young persons' online access to sexually explicit material = |efre|w(CaOODSP)9.921890 |
| 830 | #0|aBill S-...|vBill S-210, 1st session, 44th Parliament.|w(CaOODSP)9.500665 |
| 856 | 40|qPDF|s132 KB|uhttps://publications.gc.ca/collections/collection_2023/sen/YB441-210-3.pdf |
| 856 | 4 |qHTML|sN/A|uhttps://www.parl.ca/DocumentViewer/en/44-1/bill/S-210/third-reading |
| 986 | |a4412013 |